• 首页
  • 本馆介绍
  • 公告通知
  • 最新文献
  • 馆藏检索
  • 电子资源
  • 读者导购
  • 参考咨询
  • 我的图书馆
  • 登录
  • 详细信息显示
  • 放入我的书架
  • 预约/预借图书
  • 作者相关作品
  • 分类相关作品
  • 丛书相关作品
  • 出版社相关作品

书目信息

  • 表格格式
  • 工作单格式
  • 卡片格式
题名:
1844年经济学―哲学手稿
    
 
作者: 马克思 著 ;刘丕坤 译
分册:  
出版信息: 北京   研究出版社  2021.5
页数: 212页
开本: 21cm
丛书名:
单 册:
中图分类: A811.21
科图分类:
主题词: 《1844年经济学―哲学手稿》--1844nian jing ji xue zhe xue shou gao--马克思著作研究
电子资源:
ISBN: 978-7-5199-0971-0
000 01041nam0 2200241 450
001 2156231808
005 20211011172911.0
010    @a978-7-5199-0971-0@dCNY52.00
100    @a20210728d2021 em y0chiy0120 ea
101 0  @achi@cger
102    @aCN@b110000
105    @aa z 000yy
106    @ar
200 1  @a1844年经济学―哲学手稿@A1844nian jing ji xue zhe xue shou gao@f马克思著@g刘丕坤译
210    @a北京@c研究出版社@d2021.5
215    @a212页@c图@d21cm
330    @a本书批判了资产阶级政治经济学、资本主义社会制度和黑格尔唯心主义哲学,阐述了辩证唯物主义和历史唯物主义世界观的一些基本原理,代表着马克思主义的三个基本组成部分形成过程中的一个阶段。特别是把异化问题跟政治经济学的研究结合起来,是马克思思想发展上的一次飞跃。
606 0  @a《1844年经济学―哲学手稿》@A1844nian jing ji xue zhe xue shou gao@x马克思著作研究
690    @aA811.21@v5
701  0 @c(德)@a马克思@Ama ke si@c(Marx, Karl@f1818-1883)@4著
702  0 @a刘丕坤@Aliu pi kun@f(1919-1992)@4译
801  0 @aCN@b百万庄@c20211005
905    @b1304622-25@dA811.21@e377@f4
    
    1844年经济学―哲学手稿/马克思著/刘丕坤译.-北京:研究出版社,2021.5
    212页:图;21cm
    
    
    ISBN 978-7-5199-0971-0:CNY52.00
    本书批判了资产阶级政治经济学、资本主义社会制度和黑格尔唯心主义哲学,阐述了辩证唯物主义和历史唯物主义世界观的一些基本原理,代表着马克思主义的三个基本组成部分形成过程中的一个阶段。特别是把异化问题跟政治经济学的研究结合起来,是马克思思想发展上的一次飞跃。
●
相关链接 在E读中查询图书 在五车中查询图书 在当当中查询图书 在豆瓣中查询图书


正题名:1844年经济学―哲学手稿     索取号:A811.21/377         预约/预借

序号 登录号 条形码 馆藏地/架位号 状态 备注
1 1304622   213046229   第一样本阅览室/ [索取号:A811.21/377] 在馆    
2 1304623   213046238   第一借阅区/ [索取号:A811.21/377] 在馆    
3 1304624   213046247   第一借阅区/ [索取号:A811.21/377] 在馆    
4 1304625   213046256   第一借阅区/ [索取号:A811.21/377] 在馆    
唐山师范学院图书馆 欢迎您!
大连网信软件有限公司© 版权所有